000 01613nam a2200337 a 4500
001 000034332
003 DO-SdBNP
005 20240722140532.0
007 ta
008 111003s1929 dr ab 000 1 spa d
040 _aDO-SdBNP
_bspa
_cBNPHU
_erda
082 _a912.7293
_bF844m
_222
100 1 _aFrati, Carlo.
_d1863-1930
_eautor
_959758
245 1 3 _aEl mapa más antiguo de la isla de Santo Domingo (1516) y Pedro Mártir de Anglería /
_cCarlo Frati.
264 _aFirenze, Italia :
_bLeo S. Olsch,
_c1929.
300 _a22 páginas :
_bilustraciones mapas ;
_c31 cm.
336 _2rdacontent
_atexto
_btxt
337 _2rdamedia
_asin mediación
_bn
338 _2rdacarrier
_avolumen
_bnc
500 _a"Extractado del tomo XXIII, entrega 1a-2a, de la Bibliofilía bajo la dirección del comm. Leo S. Olschki."
500 _aCon proemio por Federico Henríquez y Carvajal.--Edición al cuidado del Gobierno Dominicano. Secretaría de Estado de Agricultura e Inmigración.
500 _a"Edición de mil ejemplares, de los cuales treinta numerados progresivamente 1-30."
500 _aEdición al cuidado del Gobierno Dominicano. Secretaria de Estado de Agricultura y Inmigración.
500 _aIncluye referencias bibliográficas y notas al pie de las páginas
590 _aInventariado, 2018/LP
600 1 4 _aAnghiera, Pietro Martire d',
_d1457-1526.
_9543
651 4 _aIsla Española (Haití Y Republica Dominicana{Rpara}
_vMAPAS
_959759
710 1 _aRepública Dominicana
_bMinisterio de Agricultura e Inmigración.
_959760
910 _aValidado. Control de calidad MFF
942 _2ddc
_cLF2
999 _c33823
_d33823